000
00339nam a2200157Ia 4500
001
18430
003
IN-NITTTR
005
20251114233214.0
008
251113s9999||||xx |||||||||||||| ||eng||
040
_b
eng
040
_c
IN-NITTTR
041
_a
eng
082
_a
370.11306 T226A
245
0
_a
Annual Report 1987-88 /
942
_2
ddc
_c
BK
999
_c
21064
_d
21064